Statystyki dla Wszystkie Pokemony (#001 Do #905)

Kliknij tutaj aby rozwiązać quiz!

Ogólne statystyki

  • Ten quiz został rozwiązany 12 186 razy
  • Średni wynik to 73 z 905

Statystyki odpowiedzi

No.RodzajPokémon% Poprawnych
#025ElectricPikachu
85%
#006Fire/FlyingCharizard
67%
#004FireCharmander
66%
#001Grass/PoisonBulbasaur
63%
#007WaterSquirtle
52%
#026ElectricRaichu
50%
#005FireCharmeleon
45%
#009WaterBlastoise
44%
#151PsychicMew
44%
#002Grass/PoisonIvysaur
42%
#003Grass/PoisonVenusaur
41%
#010BugCaterpie
38%
#150PsychicMewtwo
38%
#013Bug/PoisonWeedle
38%
#094Ghost/PoisonGengar
37%
#133NormalEevee
36%
#014Bug/PoisonKakuna
36%
#143NormalSnorlax
35%
#015Bug/PoisonBeedrill
34%
#011BugMetapod
34%
#016Normal/FlyingPidgey
34%
#149Dragon/FlyingDragonite
33%
#023PoisonEkans
33%
#018Normal/FlyingPidgeot
33%
#008WaterWartortle
33%
#129WaterMagikarp
32%
#019NormalRattata
32%
#012Bug/FlyingButterfree
31%
#017Normal/FlyingPidgeotto
31%
#063PsychicAbra
30%
#024PoisonArbok
30%
#092Ghost/PoisonGastly
29%
#068FightingMachamp
29%
#095Rock/GroundOnix
29%
#172ElectricPichu
29%
#020NormalRaticate
29%
#065PsychicAlakazam
28%
#147DragonDratini
28%
#064PsychicKadabra
28%
#021Normal/FlyingSpearow
28%
#145Electric/FlyingZapdos
28%
#144Ice/FlyingArticuno
27%
#074Rock/GroundGeodude
27%
#076Rock/GroundGolem
27%
#066FightingMachop
27%
#146Fire/FlyingMoltres
27%
#134WaterVaporeon
27%
#022Normal/FlyingFearow
26%
#067FightingMachoke
26%
#029 | #032PoisonNidoran
26%
#054WaterPsyduck
26%
#148DragonDragonair
25%
#136FireFlareon
25%
#039Normal/FairyJigglypuff
25%
#135ElectricJolteon
25%
#034Poison/GroundNidoking
25%
#035FairyClefairy
24%
#050GroundDiglett
24%
#130Water/FlyingGyarados
24%
#093Ghost/PoisonHaunter
24%
#052NormalMeowth
24%
#031Poison/GroundNidoqueen
24%
#030PoisonNidorina
24%
#033PoisonNidorino
24%
#041Poison/FlyingZubat
24%
#051GroundDugtrio
23%
#044Grass/PoisonGloom
23%
#122Psychic/FairyMr. Mime
23%
#043Grass/PoisonOddish
23%
#077FirePonyta
23%
#037FireVulpix
23%
#059FireArcanine
22%
#036FairyClefable
22%
#075Rock/GroundGraveler
22%
#058FireGrowlithe
22%
#107FightingHitmonchan
22%
#106FightingHitmonlee
22%
#109PoisonKoffing
22%
#131Water/IceLapras
22%
#081Electric/SteelMagnemite
22%
#056FightingMankey
22%
#053NormalPersian
22%
#027GroundSandshrew
22%
#028GroundSandslash
22%
#042Poison/FlyingGolbat
21%
#124Ice/PsychicJynx
21%
#126FireMagmar
21%
#089PoisonMuk
21%
#040Normal/FairyWigglytuff
21%
#125ElectricElectabuzz
20%
#055WaterGolduck
20%
#038FireNinetales
20%
#078FireRapidash
20%
#120WaterStaryu
20%
#197DarkUmbreon
20%
#110PoisonWeezing
20%
#132NormalDitto
19%
#088PoisonGrimer
19%
#082Electric/SteelMagneton
19%
#046Bug/GrassParas
19%
#060WaterPoliwag
19%
#123Bug/FlyingScyther
19%
#049Bug/PoisonVenomoth
19%
#048Bug/PoisonVenonat
19%
#100ElectricVoltorb
19%
#069Grass/PoisonBellsprout
18%
#113NormalChansey
18%
#084Normal/FlyingDoduo
18%
#140Rock/WaterKabuto
18%
#047Bug/GrassParasect
18%
#112Ground/RockRhydon
18%
#086WaterSeel
18%
#079Water/PsychicSlowpoke
18%
#121Water/PsychicStarmie
18%
#208Steel/GroundSteelix
18%
#128NormalTauros
18%
#142Rock/FlyingAerodactyl
17%
#096PsychicDrowzee
17%
#196PsychicEspeon
17%
#097PsychicHypno
17%
#141Rock/WaterKabutops
17%
#249Psychic/FlyingLugia
17%
#111Ground/RockRhyhorn
17%
#080WaterPsychicSlowbro
17%
#152GrassChikorita
16%
#104GroundCubone
16%
#101ElectricElectrode
16%
#118WaterGoldeen
16%
#127BugPinsir
16%
#061WaterPoliwhirl
16%
#062Water/FightingPoliwrath
16%
#057FightingPrimeape
16%
#700FairySylveon
16%
#072Water/PoisonTentacool
16%
#073Water/PoisonTentacruel
16%
#045Grass/PoisonVileplume
16%
#070Grass/PoisonWeepinbell
16%
#091Water/IceCloyster
15%
#085Normal/FlyingDodrio
15%
#250Fire/FlyingHo-Oh
15%
#116WaterHorsea
15%
#105GroundMarowak
15%
#138Rock/WaterOmanyte
15%
#139Rock/WaterOmastar
15%
#119WaterSeaking
15%
#158WaterTotodile
15%
#248Rock/DarkTyranitar
15%
#087Water/IceDewgong
14%
#083Normal/FlyingFarfetch’d
14%
#471IceGlaceon
14%
#383GroundGroudon
14%
#470GrassLeafeon
14%
#384Dragon/FlyingRayquaza
14%
#117WaterSeadra
14%
#114GrassTangela
14%
#255FireTorchic
14%
#071Grass/PoisonVictreebel
14%
#169Poison/FlyingCrobat
13%
#155FireCyndaquil
13%
#239ElectricElekid
13%
#244FireEntei
13%
#102Grass/PsychicExeggcute
13%
#237FightingHitmontop
13%
#115NormalKangaskhan
13%
#099WaterKingler
13%
#098WaterKrabby
13%
#246Rock/GroundLarvitar
13%
#448Fighting/SteelLucario
13%
#154GrassMeganium
13%
#258WaterMudkip
13%
#137NormalPorygon
13%
#090WaterShellder
13%
#175FairyTogepi
13%
#257Fire/FightingBlaziken
12%
#251Psychic/GrassCelebi
12%
#173FairyCleffa
12%
#483Steel/DragonDialga
12%
#103Grass/PsychicExeggutor
12%
#487Ghost/DragonGiratina
12%
#658Water/DarkGreninja
12%
#382WaterKyogre
12%
#108NormalLickitung
12%
#376Steel/PsychicMetagross
12%
#484Water/DragonPalkia
12%
#243ElectricRaikou
12%
#212Bug/SteelScizor
12%
#245WaterSuicune
12%
#493NormalArceus
11%
#242NormalBlissey
11%
#393WaterPiplup
11%
#247Rock/GroundPupitar
11%
#156FireQuilava
11%
#280Psychic/FairyRalts
11%
#199Water/PsychicSlowking
11%
#176Fairy/FlyingTogetic
11%
#252GrassTreecko
11%
#387GrassTurtwig
11%
#304Steel/RockAron
10%
#390FireChimchar
10%
#159WaterCroconaw
10%
#160WaterFeraligatr
10%
#656WaterFroakie
10%
#445Dragon/GroundGarchomp
10%
#282Psychic/FairyGardevoir
10%
#443Dragon/GroundGible
10%
#163Normal/FlyingHoothoot
10%
#240FireMagby
10%
#467FireMagmortar
10%
#462Electric/SteelMagnezone
10%
#179ElectricMareep
10%
#378IceRegice
10%
#379SteelRegisteel
10%
#447FightingRiolu
10%
#495GrassSnivy
10%
#396Normal/FlyingStarly
10%
#260Water/GroundSwampert
10%
#157FireTyphlosion
10%
#181ElectricAmpharos
9%
#371DragonBagon
9%
#153GrassBayleef
9%
#374Steel/PsychicBeldum
9%
#256Fire/FightingCombusken
9%
#491DarkDarkrai
9%
#229Dark/FireHoundoom
9%
#230Water/DragonKingdra
9%
#281Psychic/FairyKirlia
9%
#380Dragon/PsychicLatias
9%
#165Bug/FlyingLedyba
9%
#725FireLitten
9%
#808SteelMeltan
9%
#375Steel/PsychicMetang
9%
#164Normal/FlyingNoctowl
9%
#377RockRegirock
9%
#722Grass/FlyingRowlet
9%
#373Dragon/FlyingSalamence
9%
#289NormalSlaking
9%
#167Bug/PoisonSpinarak
9%
#220Ice/GroundSwinub
9%
#498FireTepig
9%
#468Fairy/FlyingTogekiss
9%
#389Grass/GroundTorterra
9%
#178Psychic/FlyingXatu
9%
#263NormalZigzagoon
9%
#359DarkAbsol
8%
#306Steel/RockAggron
8%
#168Bug/PoisonAriados
8%
#184Water/FairyAzumarill
8%
#650GrassChespin
8%
#170Water/ElectricChinchou
8%
#653FireFennekin
8%
#330Ground/DragonFlygon
8%
#162NormalFurret
8%
#444Dragon/GroundGabite
8%
#475Psychic/FightingGallade
8%
#253GrassGrovyle
8%
#214Bug/FightingHeracross
8%
#228Dark/FireHoundour
8%
#174Normal/FairyIgglybuff
8%
#305Steel/RockLairon
8%
#171Water/ElectricLanturn
8%
#381Dragon/PsychicLatios
8%
#166Bug/FlyingLedian
8%
#270Water/GrassLotad
8%
#183Water/FairyMarill
8%
#259Water/GroundMarshtomp
8%
#809SteelMelmetal
8%
#241NormalMiltank
8%
#439Psychic/FairyMime Jr.
8%
#198Dark/FlyingMurkrow
8%
#177Psychic/FlyingNatu
8%
#486NormalRegigigas
8%
#464Ground/RockRhyperior
8%
#254GrassSceptile
8%
#161NormalSentret
8%
#218FireSlugma
8%
#215Dark/IceSneasel
8%
#185RockSudowoodo
8%
#333Normal/FlyingSwablu
8%
#201PsychicUnown
8%
#265BugWurmple
8%
#888FairyZacian
8%
#460Grass/IceAbomasnow
7%
#190NormalAipom
7%
#399NormalBidoof
7%
#268BugCascoon
7%
#222Water/RockCorsola
7%
#386PsychicDeoxys
7%
#355GhostDuskull
7%
#309ElectricElectrike
7%
#349WaterFeebas
7%
#657WaterFrogadier
7%
#203Normal/PsychicGirafarig
7%
#207Ground/FlyingGligar
7%
#388GrassGrotle
7%
#297FightingHariyama
7%
#187Grass/FlyingHoppip
7%
#392Fire/FightingInfernape
7%
#385Steel/PsychicJirachi
7%
#792Psychic/GhostLunala
7%
#296FightingMakuhita
7%
#473Ice/GroundMamoswine
7%
#312ElectricMinun
7%
#391Fire/FightingMonferno
7%
#446NormalMunchlax
7%
#501WaterOshawott
7%
#221Ice/GroundPiloswine
7%
#311ElectricPlusle
7%
#186WaterPolitoed
7%
#233NormalPorygon2
7%
#474NormalPorygon-Z
7%
#315Grass/PoisonRoselia
7%
#813FireScorbunny
7%
#403ElectricShinx
7%
#227Steel/FlyingSkarmory
7%
#287NormalSlakoth
7%
#791Psychic/SteelSolgaleo
7%
#338Rock/PsychicSolrock
7%
#398Normal/FlyingStaraptor
7%
#397Normal/FlyingStaravia
7%
#192GrassSunflora
7%
#191GrassSunkern
7%
#785Electric/FairyTapu Koko
7%
#216NormalTeddiursa
7%
#328GroundTrapinch
7%
#236FightingTyrogue
7%
#217NormalUrsaring
7%
#193Bug/FlyingYanma
7%
#889FightingZamazenta
7%
#644Dragon/ElectricZekrom
7%
#334Dragon/FlyingAltaria
6%
#610DragonAxew
6%
#298Normal/FairyAzurill
6%
#267Bug/FlyingBeautifly
6%
#182GrassBellossom
6%
#609Ghost/FireChandelure
6%
#225Ice/FlyingDelibird
6%
#466ElectricElectivire
6%
#500Fire/FightingEmboar
6%
#395Water/SteelEmpoleon
6%
#180ElectricFlaaffy
6%
#210FairyGranbull
6%
#595Bug/ElectricJoltik
6%
#189Grass/FlyingJumpluff
6%
#264NormalLinoone
6%
#667Fire/NormalLitleo
6%
#607Ghost/FireLitwick
6%
#272Water/GrassLudicolo
6%
#337Rock/PsychicLunatone
6%
#404ElectricLuxio
6%
#405ElectricLuxray
6%
#219Fire/RockMagcargo
6%
#226Water/FlyingMantine
6%
#308Fighting/PsychicMedicham
6%
#262DarkMightyena
6%
#350WaterMilotic
6%
#778Ghost/FairyMimikyu
6%
#200GhostMisdreavus
6%
#322Fire/GroundNumel
6%
#231GroundPhanpy
6%
#204BugPineco
6%
#261DarkPoochyena
6%
#728WaterPopplio
6%
#195Water/GroundQuagsire
6%
#643Dragon/FireReshiram
6%
#407Grass/PoisonRoserade
6%
#302Dark/GhostSableye
6%
#273GrassSeedot
6%
#497GrassSerperior
6%
#319Water/DarkSharpedo
6%
#372DragonShelgon
6%
#266BugSilcoon
6%
#188Grass/FlyingSkiploom
6%
#361IceSnorunt
6%
#363Ice/WaterSpheal
6%
#787Grass/FairyTapu Bulu
6%
#788Water/FairyTapu Fini
6%
#786Psychic/FairyTapu Lele
6%
#329Ground/DragonVibrava
6%
#494Psychic/FireVictini
6%
#288NormalVigoroth
6%
#320WaterWailmer
6%
#194Water/GroundWooper
6%
#570DarkZorua
6%
#348Rock/BugArmaldo
5%
#482PsychicAzelf
5%
#343Ground/PsychicBaltoy
5%
#354GhostBanette
5%
#400Normal/WaterBibarel
5%
#286Grass/FightingBreloom
5%
#436Steel/PsychicBronzor
5%
#427NormalBuneary
5%
#331GrassCacnea
5%
#323Fire/GroundCamerupt
5%
#351NormalCastform
5%
#789PsychicCosmog
5%
#633Dark/DragonDeino
5%
#502WaterDewott
5%
#232GroundDonphan
5%
#206NormalDunsparce
5%
#269Bug/PoisonDustox
5%
#587Electric/FlyingEmolga
5%
#205Bug/SteelForretress
5%
#362IceGlalie
5%
#472Ground/FlyingGliscor
5%
#706DragonGoodra
5%
#440NormalHappiny
5%
#485Fire/SteelHeatran
5%
#646Dragon/IceKyurem
5%
#271Water/GrassLombre
5%
#428NormalLopunny
5%
#310ElectricManectric
5%
#303Steel/FairyMawile
5%
#307Fighting/PsychicMeditite
5%
#429GhostMismagius
5%
#866Ice/PsychicMr. Rime
5%
#290Bug/GroundNincada
5%
#291Bug/FlyingNinjask
5%
#299RockNosepass
5%
#274Grass/DarkNuzleaf
5%
#224WaterOctillery
5%
#417ElectricPachirisu
5%
#513FirePansear
5%
#279Water/FlyingPelipper
5%
#519Normal/FlyingPidove
5%
#499Fire/FightingPignite
5%
#730Water/FairyPrimarina
5%
#394WaterPrinplup
5%
#211Water/PoisonQwilfish
5%
#895DragonRegidrago
5%
#894ElectricRegieleki
5%
#223WaterRemoraid
5%
#744RockRockruff
5%
#479Electric/GhostRotom
5%
#503WaterSamurott
5%
#539FightingSawk
5%
#364Ice/WaterSealeo
5%
#496GrassServine
5%
#336PoisonSeviper
5%
#292Bug/GhostShedinja
5%
#275Grass/DarkShiftry
5%
#285GrassShroomish
5%
#213Bug/RockShuckle
5%
#353GhostShuppet
5%
#235NormalSmeargle
5%
#238Ice/PsychicSmoochum
5%
#459Grass/IceSnover
5%
#209FairySnubbull
5%
#816WaterSobble
5%
#325PsychicSpoink
5%
#234NormalStantler
5%
#283Bug/WaterSurskit
5%
#277Normal/FlyingSwellow
5%
#276Normal/FlyingTaillow
5%
#663Fire/FlyingTalonflame
5%
#324FireTorkoal
5%
#726FireTorracat
5%
#454Poison/FightingToxicroak
5%
#357Grass/FlyingTropius
5%
#480PsychicUxie
5%
#321WaterWailord
5%
#293NormalWhismur
5%
#278Water/FlyingWingull
5%
#202PsychicWobbuffet
5%
#562GhostYamask
5%
#469Bug/FlyingYanmega
5%
#717Dark/FlyingYveltal
5%
#335NormalZangoose
5%
#571DarkZoroark
5%
#347Rock/BugAnorith
4%
#654FireBraixen
4%
#437Steel/PsychicBronzong
4%
#406Grass/PoisonBudew
4%
#418WaterBuizel
4%
#412BugBurmy
4%
#794Bug/FightingBuzzwole
4%
#332Grass/DarkCacturne
4%
#318Water/DarkCarvanha
4%
#815FireCinderace
4%
#366WaterClamperl
4%
#344Ground/PsychicClaydol
4%
#638Steel/FightingCobalion
4%
#415Bug/FlyingCombee
4%
#346Rock/GrassCradily
4%
#408RockCranidos
4%
#488PsychicCresselia
4%
#453Poison/FightingCroagunk
4%
#723Grass/FlyingDartrix
4%
#554FireDarumaka
4%
#724Grass/GhostDecidueye
4%
#702Electric/FairyDedenne
4%
#655Fire/PsychicDelphox
4%
#425Ghost/FlyingDrifloon
4%
#356GhostDusclops
4%
#477GhostDusknoir
4%
#890Poison/DragonEternatus
4%
#295NormalExploud
4%
#669FairyFlabébé
4%
#662Fire/FlyingFletchinder
4%
#661Normal/FlyingFletchling
4%
#478Ice/GhostFroslass
4%
#596Bug/ElectricGalvantula
4%
#431NormalGlameow
4%
#704DragonGoomy
4%
#810GrassGrookey
4%
#316PoisonGulpin
4%
#701Fighting/FlyingHawlucha
4%
#612DragonHaxorus
4%
#430Dark/FlyingHonchkrow
4%
#720Psychic/GhostHoopa
4%
#635Dark/DragonHydreigon
4%
#727Fire/DarkIncineroar
4%
#818WaterInteleon
4%
#798Grass/SteelKartana
4%
#647Water/FightingKeldeo
4%
#599SteelKlink
4%
#608Ghost/FireLampent
4%
#345Rock/GrassLileep
4%
#294NormalLoudred
4%
#370WaterLuvdisc
4%
#745RockLycanroc
4%
#458Water/FlyingMantyke
4%
#481PsychicMesprit
4%
#800PsychicNecrozma
4%
#714Flying/DragonNoibat
4%
#715Flying/DragonNoivern
4%
#862Dark/NormalObstagoon
4%
#674FightingPancham
4%
#515WaterPanpour
4%
#511GrassPansage
4%
#814FireRaboot
4%
#409RockRampardos
4%
#369Water/RockRelicanth
4%
#524RockRoggenrola
4%
#492GrassShaymin
4%
#410Rock/SteelShieldon
4%
#300NormalSkitty
4%
#327NormalSpinda
4%
#442Ghost/DarkSpiritomb
4%
#805Rock/SteelStakataka
4%
#618Ground/ElectricStunfisk
4%
#465GrassTangrowth
4%
#639Rock/FightingTerrakion
4%
#642Electric/FlyingThundurus
4%
#777Electric/SteelTogedemaru
4%
#521Normal/FlyingUnfezant
4%
#901Ground/NormalUrsaluna
4%
#640Grass/FightingVirizion
4%
#313BugVolbeat
4%
#365Ice/WaterWalrein
4%
#461Dark/IceWeavile
4%
#527Psychic/FlyingWoobat
4%
#831NormalWooloo
4%
#360PsychicWynaut
4%
#716FairyXerneas
4%
#807ElectricZeraora
4%
#718Dragon/GroundZygarde
4%
#594WaterAlomomola
3%
#698Rock/IceAmaura
3%
#424NormalAmbipom
3%
#591Grass/PoisonAmoonguss
3%
#566Rock/FlyingArchen
3%
#567Rock/FlyingArcheops
3%
#531NormalAudino
3%
#713IceAvalugg
3%
#339Water/GroundBarboach
3%
#550WaterBasculin
3%
#411Rock/SteelBastiodon
3%
#712IceBergmite
3%
#760Normal/FightingBewear
3%
#522ElectricBlitzle
3%
#525RockBoldore
3%
#438RockBonsly
3%
#729WaterBrionne
3%
#659NormalBunnelby
3%
#898PsychicCalyrex
3%
#455GrassCarnivine
3%
#797Steel/FlyingCelesteela
3%
#421GrassCherrim
3%
#420GrassCherubi
3%
#652Grass/FightingChesnaught
3%
#358PsychicChimecho
3%
#563GhostCofagrigus
3%
#534FightingConkeldurr
3%
#341WaterCorphish
3%
#823Flying/SteelCorviknight
3%
#790PsychicCosmoem
3%
#342Water/DarkCrawdaunt
3%
#558Bug/RockCrustle
3%
#613IceCubchoo
3%
#555FireDarmanitan
3%
#585Normal/GrassDeerling
3%
#301NormalDelcatty
3%
#751Water/BugDewpider
3%
#882Water/DragonDracovish
3%
#887Dragon/GhostDragapult
3%
#780Normal/DragonDrampa
3%
#452Poison/DarkDrapion
3%
#426Ghost/FlyingDrifblim
3%
#529GroundDrilbur
3%
#580Water/FlyingDucklett
3%
#557Bug/RockDwebble
3%
#530Ground/SteelExcadrill
3%
#597Grass/SteelFerroseed
3%
#419WaterFloatzel
3%
#590Grass/PoisonFoongus
3%
#569PoisonGarbodor
3%
#649Bug/SteelGenesect
3%
#526RockGigalith
3%
#622Ground/GhostGolett
3%
#623Ground/GhostGolurk
3%
#368WaterGorebyss
3%
#574PsychicGothita
3%
#326PsychicGrumpig
3%
#533FightingGurdurr
3%
#799Dark/DragonGuzzlord
3%
#631FireHeatmor
3%
#507NormalHerdier
3%
#449GroundHippopotas
3%
#367WaterHuntail
3%
#314BugIllumise
3%
#686Dark/PsychicInkay
3%
#588BugKarrablast
3%
#352NormalKecleon
3%
#600SteelKlang
3%
#900Bug/RockKleavor
3%
#707Steel/FairyKlefki
3%
#601SteelKlinklang
3%
#401BugKricketot
3%
#402BugKricketune
3%
#552Ground/DarkKrokorok
3%
#891FightingKubfu
3%
#645Ground/FlyingLandorus
3%
#636Bug/FireLarvesta
3%
#510DarkLiepard
3%
#506NormalLillipup
3%
#490WaterManaphy
3%
#802Fighting/GhostMarshadow
3%
#284Bug/FlyingMasquerain
3%
#648Normal/PsychicMeloetta
3%
#517PsychicMunna
3%
#793Rock/PoisonNihilego
3%
#765Normal/PsychicOranguru
3%
#741Varies/FlyingOricorio
3%
#536Water/GroundPalpitoad
3%
#675Fighting/DarkPangoro
3%
#504NormalPatrat
3%
#863SteelPerrserker
3%
#795Bug/FightingPheromosa
3%
#489WaterPhione
3%
#731Normal/FlyingPikipek
3%
#803PoisonPoipole
3%
#476Rock/SteelProbopass
3%
#710Ghost/GrassPumpkaboo
3%
#509DarkPurrloin
3%
#432NormalPurugly
3%
#668Fire/NormalPyroar
3%
#651GrassQuilladin
3%
#821FlyingRookidee
3%
#551Ground/DarkSandile
3%
#559Dark/FightingScraggy
3%
#540Bug/GrassSewaddle
3%
#422WaterShellos
3%
#516WaterSimipour
3%
#512GrassSimisage
3%
#514FireSimisear
3%
#865FightingSirfetch'd
3%
#451Poison/BugSkorupi
3%
#435Poison/DarkSkuntank
3%
#819NormalSkwovet
3%
#872Ice/BugSnom
3%
#577PsychicSolosis
3%
#508NormalStoutland
3%
#759Normal/FightingStufful
3%
#434Poison/DarkStunky
3%
#317PoisonSwalot
3%
#581Water/FlyingSwanna
3%
#684FairySwirlix
3%
#528Psychic/FlyingSwoobat
3%
#532FightingTimburr
3%
#564Water/RockTirtouga
3%
#641FlyingTornadus
3%
#848Electric/PoisonToxel
3%
#849Electric/PoisonToxtricity
3%
#520Normal/FlyingTranquill
3%
#709Ghost/GrassTrevenant
3%
#568PoisonTrubbish
3%
#535WaterTympole
3%
#602ElectricTynamo
3%
#697Rock/DragonTyrantrum
3%
#696Rock/DragonTyrunt
3%
#892Fighting/DarkUrshifu
3%
#543Bug/PoisonVenipede
3%
#416Bug/FlyingVespiquen
3%
#738Bug/ElectricVikavolt
3%
#721Fire/WaterVolcanion
3%
#637Bug/FireVolcarona
3%
#340Water/GroundWhiscash
3%
#413Bug/VariesWormadam
3%
#796ElectricXurkitree
3%
#835ElectricYamper
3%
#893Dark/GrassZarude
3%
#523ElectricZebstrika
3%
#634Dark/DragonZweilous
3%
#617BugAccelgor
2%
#681Steel/GhostAegislash
2%
#869FairyAlcremie
2%
#842Grass/DragonAppletun
2%
#840Grass/DragonApplin
2%
#752Water/BugAraquanid
2%
#883Water/IceArctovish
2%
#881Electric/IceArctozolt
2%
#699Rock/IceAurorus
2%
#902Water/GhostBasculegion
2%
#614IceBeartic
2%
#625Dark/SteelBisharp
2%
#806Fire/GhostBlacephalon
2%
#824BugBlipbug
2%
#836ElectricBoltund
2%
#626NormalBouffalant
2%
#761GrassBounsweet
2%
#628Normal/FlyingBraviary
2%
#779Water/PsychicBruxish
2%
#703Rock/FairyCarbink
2%
#565Water/RockCarracosta
2%
#737Bug/ElectricCharjabug
2%
#441Normal/FlyingChatot
2%
#833WaterChewtle
2%
#433PsychicChingling
2%
#573NormalCinccino
2%
#822FlyingCorvisquire
2%
#546Grass/FairyCottonee
2%
#740Fighting/IceCrabominable
2%
#739FightingCrabrawler
2%
#615IceCryogonal
2%
#878SteelCufant
2%
#864GhostCursola
2%
#742Bug/FairyCutiefly
2%
#719Rock/FairyDiancie
2%
#660Normal/GroundDiggersby
2%
#825Bug/PsychicDottler
2%
#680Steel/GhostDoublade
2%
#880Electric/DragonDracozolt
2%
#691Poison/DragonDragalge
2%
#834Water/RockDrednaw
2%
#885Dragon/GhostDreepy
2%
#817WaterDrizzile
2%
#621DragonDruddigon
2%
#832NormalDubwool
2%
#578PsychicDuosion
2%
#884Steel/DragonDuraludon
2%
#632Bug/SteelDurant
2%
#603ElectricEelektrik
2%
#604ElectricEelektross
2%
#875IceEiscue
2%
#830GrassEldegoss
2%
#605PsychicElgyem
2%
#905Fairy/FlyingEnamorus
2%
#589Bug/SteelEscavalier
2%
#677PsychicEspurr
2%
#870FightingFalinks
2%
#598Grass/SteelFerrothorn
2%
#456WaterFinneon
2%
#841Grass/DragonFlapple
2%
#670FairyFloette
2%
#671FairyFlorges
2%
#753GrassFomantis
2%
#611DragonFraxure
2%
#592Water/GhostFrillish
2%
#873Ice/BugFrosmoth
2%
#676NormalFurfrou
2%
#423Water/GroundGastrodon
2%
#896IceGlastrier
2%
#673GrassGogoat
2%
#768Bug/WaterGolisopod
2%
#576PsychicGothitelle
2%
#575PsychicGothorita
2%
#711Ghost/GrassGourgeist
2%
#820NormalGreedent
2%
#861Dark/FairyGrimmsnarl
2%
#736BugGrubbin
2%
#735NormalGumshoos
2%
#695Electric/NormalHeliolisk
2%
#694Electric/NormalHelioptile
2%
#450GroundHippowdon
2%
#679Steel/GhostHonedge
2%
#859Dark/FairyImpidimp
2%
#782DragonJangmo-o
2%
#593Water/GhostJellicent
2%
#784Dragon/FightingKommo-o
2%
#553Ground/DarkKrookodile
2%
#542Bug/GrassLeavanny
2%
#463NormalLickilicky
2%
#549GrassLilligant
2%
#457WaterLumineon
2%
#754GrassLurantis
2%
#801Steel/FairyMagearna
2%
#687Dark/PsychicMalamar
2%
#630Dark/FlyingMandibuzz
2%
#556GrassMaractus
2%
#747Poison/WaterMareanie
2%
#678PsychicMeowstic
2%
#619FightingMienfoo
2%
#572NormalMinccino
2%
#877Electric/DarkMorpeko
2%
#414Bug/FlyingMothim
2%
#749GroundMudbray
2%
#518PsychicMusharna
2%
#804Poison/DragonNaganadel
2%
#827DarkNickit
2%
#826Bug/PsychicOrbeetle
2%
#904Dark/PoisonOverqwil
2%
#624Dark/SteelPawniard
2%
#548GrassPetilil
2%
#708Ghost/GrassPhantump
2%
#579PsychicReuniclus
2%
#812GrassRillaboom
2%
#627Normal/FlyingRufflet
2%
#867Ground/GhostRunerigus
2%
#757Poison/FireSalandit
2%
#758Poison/FireSalazzle
2%
#586Normal/GrassSawsbuck
2%
#664BugScatterbug
2%
#545Bug/PoisonScolipede
2%
#560Dark/FightingScrafty
2%
#537Water/GroundSeismitoad
2%
#616BugShelmet
2%
#561Psychic/FlyingSigilyph
2%
#773NormalSilvally
2%
#672GrassSkiddo
2%
#690Poison/WaterSkrelp
2%
#705DragonSliggoo
2%
#685FairySlurpuff
2%
#903Poison/FightingSneasler
2%
#897GhostSpectrier
2%
#682FairySpritzee
2%
#762GrassSteenee
2%
#541Bug/GrassSwadloon
2%
#828DarkThievul
2%
#538FightingThroh
2%
#811GrassThwackey
2%
#733Normal/FlyingToucannon
2%
#748Poison/WaterToxapex
2%
#732Normal/FlyingTrumbeak
2%
#763GrassTsareena
2%
#776Fire/DragonTurtonator
2%
#772NormalType: Null
2%
#583IceVanillish
2%
#582IceVanillite
2%
#584IceVanilluxe
2%
#666Bug/FlyingVivillon
2%
#629Dark/FlyingVullaby
2%
#505NormalWatchog
2%
#547Grass/FairyWhimsicott
2%
#544Bug/PoisonWhirlipede
2%
#767Bug/WaterWimpod
2%
#899Normal/PsychicWyrdeer
2%
#734NormalYungoos
2%
#683FairyAromatisse
1%
#846WaterArrokuda
1%
#689Rock/WaterBarbaracle
1%
#847WaterBarraskewda
1%
#606PsychicBeheeyem
1%
#688Rock/WaterBinacle
1%
#838Rock/FireCarkol
1%
#851Fire/BugCentiskorch
1%
#692WaterClauncher
1%
#693WaterClawitzer
1%
#852FightingClobbopus
1%
#839Rock/FireCoalossal
1%
#764FairyComfey
1%
#879SteelCopperajah
1%
#845Flying/WaterCramorant
1%
#781Ghost/GrassDhelmise
1%
#886Dragon/GhostDrakloak
1%
#829GrassGossifleur
1%
#853FightingGrapploct
1%
#783Dragon/FightingHakamo-o
1%
#856PsychicHatenna
1%
#858Psychic/FairyHatterene
1%
#857PsychicHattrem
1%
#876Psychic/NormalIndeedee
1%
#775NormalKomala
1%
#620FightingMienshao
1%
#868FairyMilcery
1%
#774Rock/FlyingMinior
1%
#755Grass/FairyMorelull
1%
#860Dark/FairyMorgrem
1%
#750GroundMudsdale
1%
#770Ghost/GroundPalossand
1%
#766FightingPassimian
1%
#871ElectricPincurchin
1%
#855GhostPolteageist
1%
#771WaterPyukumuku
1%
#743Bug/FairyRibombee
1%
#837RockRolycoly
1%
#844GroundSandaconda
1%
#769Ghost/GroundSandygast
1%
#756Grass/FairyShiinotic
1%
#843GroundSilicobra
1%
#854GhostSinistea
1%
#850Fire/BugSizzlipede
1%
#665BugSpewpa
1%
#874RockStonjourner
1%
#746WaterWishiwashi
1%

Rozkład punktacji

Percentyl według liczby udzielonych odpowiedzi

Procent ludzi z każdym wynikiem

Twoja historia wyników

Nie rozwiązałeś tego quizu